000 00668nam a22001817a 4500
003 UA-OsUOA
001 9052
007 ta
008 20040920b un ||||| |||| 00| 0 ukr d
100 _aМартиненко В.
942 _cSA
040 _aUA-OsUOA
_cUA-OsUOA
_dUA-OsUOA
245 _aФормування державного механізму управління інвестиційним процесом в Україні: проблеми невизначеності та методи їх зняття
300 _aС.55-56
955 _a0
773 0 _w0
_tЕкономіка України
_dКиїв
_d2004
_g№8
650 7 _aІнвестиції
_2UDC
999 _c295213
_d295213